|
|
|
|
| LEADER |
00850nam a22002537a 4500 |
| 001 |
2714 |
| 003 |
BD-DhAAL |
| 005 |
20200513225437.0 |
| 008 |
151223b ii a|||| |||| 00| 0 eng d |
| 999 |
|
|
|c 36445
|d 36445
|
| 040 |
|
|
|a BD-DhAAL
|c BD-DhAAL
|
| 082 |
|
|
|a 658.314
|
| 100 |
|
|
|a Hanks, Kurt.
|9 16955
|
| 245 |
|
|
|a Motivating people /
|c Kurt Hanks
|
| 260 |
|
|
|a New Delhi :
|b Pustak Mahal,
|
| 300 |
|
|
|a 128 pages :
|b illustrations ;
|c 24 cm.
|
| 490 |
|
|
|a Quick read series.
|
| 541 |
|
|
|e 2714
|
| 650 |
|
|
|a Employee motivation.
|9 16956
|
| 650 |
|
|
|a Motivation (Psychology)
|9 16957
|
| 650 |
|
|
|a Motivation.
|9 16958
|
| 852 |
|
|
|a Savar Campus Library
|c General Stacks
|
| 942 |
|
|
|2 ddc
|c BK
|
| 952 |
|
|
|0 0
|1 0
|2 ddc
|4 0
|6 658_300000000000000_14_HAN
|7 0
|9 57359
|a SCL
|b SCL
|c GEN
|d 2015-12-23
|g 90.00
|l 1
|m 5
|o 658.314 HAN
|p 3020002714
|r 2018-11-28
|s 2018-09-30
|t 1
|w 2015-12-23
|y BK
|